Spon's architects' and builders' price book 2010 (Record no. 110406)
[ view plain ]
| 000 -LEADER | |
|---|---|
| fixed length control field | 01782cam a22003255a 4500 |
| 001 - CONTROL NUMBER | |
| control field | L149199 |
| 008 - FIXED-LENGTH DATA ELEMENTS--GENERAL INFORMATION | |
| fixed length control field | 100201s2010 xxk f 001 0 eng d |
| 020 ## - INTERNATIONAL STANDARD BOOK NUMBER | |
| International Standard Book Number | 9780203872451 |
| 020 ## - INTERNATIONAL STANDARD BOOK NUMBER | |
| International Standard Book Number | 9780415552561 |
| 022 1# - INTERNATIONAL STANDARD SERIAL NUMBER | |
| International Standard Serial Number | 0306-3046 |
| 035 ## - SYSTEM CONTROL NUMBER | |
| System control number | (Sirsi) u149199 |
| 041 0# - LANGUAGE CODE | |
| Language code of text/sound track or separate title | eng |
| 050 04 - LIBRARY OF CONGRESS CALL NUMBER | |
| Classification number | 692.5 $2 18 |
| 110 2# - MAIN ENTRY--CORPORATE NAME | |
| Corporate name or jurisdiction name as entry element | Davis Langdon |
| 9 (RLIN) | 4649 |
| 245 00 - TITLE STATEMENT | |
| Title | Spon's architects' and builders' price book 2010 |
| Medium | [electronic resource] |
| 250 ## - EDITION STATEMENT | |
| Edition statement | 135th ed. |
| 260 ## - PUBLICATION, DISTRIBUTION, ETC. | |
| Place of publication, distribution, etc. | Abingdon |
| Name of publisher, distributor, etc. | Taylor and Francis |
| Date of publication, distribution, etc. | 2010 |
| 350 ## - PRICE (NR) (BK AM CF MU VM SE) [OBSOLETE] | |
| Price | 145 |
| 505 2# - FORMATTED CONTENTS NOTE | |
| Formatted contents note | General -- Approximate estimating -- Prices for measured works: major works -- Prices for measured works: minor works -- Fees for professional services -- Rates of wages -- Daywork and prime cost -- Tables and memoranda |
| 520 ## - SUMMARY, ETC. | |
| Summary, etc. | Key changes in this edition are overheads and profits have been revised sharply downwards to 2.5% in line with actual levels. Preliminaries have also been dropped to 13%, on a lower cost base. And labour rates have been adjusted to reflect today's economic conditions. Also new are 150 new Measured Works items, including: additional ACO drainage systems such as Qmax - a large capacity drainage channel and Kerbdrain made from recycled and recyclable material, an overhauled Kalzip roofing section, over 900 key Approximate Estimate items with high & low rate ranges, and 13 elemental building cost models. |
| 520 ## - SUMMARY, ETC. | |
| Summary, etc. | Supersedes the 134th edition (ISBN 9780415465557). |
| 520 ## - SUMMARY, ETC. | |
| Summary, etc. | Superseded by 136th edition (ISBN 9780415588454). |
| 521 ## - TARGET AUDIENCE NOTE | |
| Target audience note | Advanced |
| 590 ## - LOCAL NOTE (RLIN) | |
| Local note | KA |
| 651 #4 - SUBJECT ADDED ENTRY--GEOGRAPHIC NAME | |
| Geographic name | United Kingdom |
| Chronological subdivision | |
| 690 ## - LOCAL SUBJECT ADDED ENTRY--TOPICAL TERM (OCLC, RLIN) | |
| Topical term or geographic name as entry element | BUILT ENVIRONMENT-BUILDING COSTS |
| 856 40 - ELECTRONIC LOCATION AND ACCESS | |
| Uniform Resource Identifier | <a href="https://www.vlebooks.com/">https://www.vlebooks.com/</a> |
| Public note | View on VLEbooks. Logins for members only from [email protected] |
| 942 ## - ADDED ENTRY ELEMENTS (KOHA) | |
| Suppress in OPAC | 0 |
| Withdrawn status | Lost status | Source of classification or shelving scheme | Damaged status | Not for loan | Home library | Current library | Shelving location | Date acquired | Cost, normal purchase price | Total Checkouts | Full call number | Barcode | Date last seen | Date last checked out | Copy number | Cost, replacement price | Price effective from | Koha item type |
|---|---|---|---|---|---|---|---|---|---|---|---|---|---|---|---|---|---|---|
| Dewey Decimal Classification | London | London | Reference copy | 03/02/2010 | 145.00 | 1 | 692.5 DAV | 30075653 | 06/08/2019 | 08/08/2012 | 1 | 145.00 | 06/08/2019 | Book | ||||
| Missing from bundle | Virtual | Virtual | Online | 23/02/2016 | EBOOK | 149199-3001 | 06/08/2019 | 1 | 06/08/2019 | Book |